| 000 | 00625nam a2200253Ia 4500 | ||
|---|---|---|---|
| 008 | 171025s9999 xx 000 0 und d | ||
| 020 | _a873418182 | ||
| 050 | _a745.5 | ||
| 050 | _bH876 2000 | ||
| 100 | _aHubble, Jasmine | ||
| 245 | _aSew & go kids / | ||
| 245 | _cby Jasmine Hubble. | ||
| 260 | _aUSA : | ||
| 260 | _bKrause, | ||
| 260 | _c2000 | ||
| 300 | _a200 pages : | ||
| 300 | _bcolored illustrations ; | ||
| 300 | _c27cm. | ||
| 500 | _aIncludes bibliographic reference and index. | ||
| 650 | _aChildren's clothing. | ||
| 650 | _aSewing. | ||
| 700 | _aTitle : Sew and go kids. | ||
| 700 | _aTitle. | ||
| 999 |
_c344717 _d344717 |
||